000 00434nam a2200157 a 4500
001 000032029
005 20200930063353.0
008 110712s1918 dr 000 0 spa d
040 _aDO-SdBNP
_bspa
_cBNPHU
082 _axxx
_bD473p
100 1 _aDespradel, Lorenzo
_939175
245 1 0 _aPáginas /
_cLorenzo Despradel.
260 _aLa Vega, República Dominicana :
_bEl Día,
_c[1918?].
300 _a64 p. ;
_c17 cm.
049 _aBNPD
999 _c31520
_d31520